00501nam a2200157 a 450000100100000000500170001000800410002702000150006804000250008308200150010810000350012324500880015826000320024630000360027870000290031400002274120200930021753.0101117s1998 ck ac r 000 mdspa d a9962020050 aDO-SdBNPbspacBNPHU annnnbI99s1 aIzquierdo Valderrama, Sofía,10aSi hubieras nacido en Roma /cSofía izquierdo Valderrama, Rogelio Tribaldos Alba. aColombia :b[s. n.],c1998. a270 p. :bil., retrs. ;c21 cm.1 aTribaldos Alba, Rogelio,